000 00941cam a2200313 i 4500
005 20160124074931.0
008 971201t00001985sp a r 000 0 spa d
015 _aNNN
020 _a8429118330 (Volumen 1)
040 _aCO-BoPUJ
_cCO-BoIAVH
_dCO-BoIAVH
041 1 _aspa
_heng
044 _asp
082 0 4 _a590
_bM36z
100 1 _aMarshall, A. J.
245 1 0 _aZoología
_cA.J. Marshall y W.D. Williams ; traducción Fernando Pablos Casanovas
250 _aSéptima edición
260 _aBarcelona ;
_bReverté,
_c1985.
300 _a2 volúmenes
505 _gVolumen 1.: Invertebrados. -- Volumen 2. Cordados
534 _tTexbook of zoology.
650 1 4 _aZoología
_vEnseñanza
650 2 4 _aVertebrados
650 2 4 _aInvertebrados
650 2 4 _aCordados
700 1 _aWilliams, W. D.,
_eautor.
740 0 _aCordados
740 0 _aInvertebrados
942 _2ddc
_cLIBRO
999 _c4894
_d4894